000
00313nam a22001217a 4500
008
170816b xxu||||| |||| 00| 0 eng d
041
_a
eng
080
_2
8 ED
_a
51
100
_a
36
101
_a
MAT
245
_a
ELEMENTARY DIFFERENTIAL EQUATIONS AND BOUNDARY VALUE PROBLEMS
_c
BOYCE.W.E
942
_2
udc
_c
BK
999
_c
23778
_d
23778